|
|
|
|
| LEADER |
007410000a22002170004500 |
| 020 |
|
|
|a 81-7276-147-3
|
| 082 |
|
|
|a 891.22 BHA/M 111N9
|
| 100 |
|
|
|a Bhasan; Author
|
| 100 |
|
|
|a Sudha Bhattacharjee; Translator
|
| 245 |
|
|
|a Madhyama-vyayoga: a Sanskrit one-act play attributed to Bhasa
|
| 250 |
|
|
|
| 260 |
|
|
|a Mumbai, Bharatiya Vidya Bhavan
|e 2009
|
| 260 |
|
|
|c 1999
|
| 460 |
|
|
|a v,65p
|
| 465 |
|
|
|a Rs 75.00
|
| 490 |
|
|
|a Bhavan`s book university
|
| 500 |
|
|
|a Bhasa; tr by Sudha Bhattacharya
|
| 650 |
|
|
|a Sanskrit drama-Translations into English
|
| 942 |
|
|
|c BK
|
| 999 |
|
|
|c 41389
|d 41389
|
| 952 |
|
|
|0 0
|1 0
|4 0
|6 891_220000000000000_BHAM_111N9
|7 0
|8 ENG
|9 41961
|a MGUL
|b MGUL
|d 2013-07-16
|e Rs 75.00
|l 0
|o 891.22 BHA/M 111N9
|p 39857
|r 2013-07-16
|w 2013-07-16
|y BK
|